000 00578nam a2200193Ia 4500
005 20250508164834.0
008 008 250505s9999 xx 000 0 eng d
037 _aDissertations
040 _aFEDL
_beng
_cFEDL
041 _aeng
_2eng
084 _a378, PAR/DI
_qFEDL
100 _aParveen Kumar
245 0 _aParticipation in higher education: Exploring the choices of undergraduate commerce students
260 _c2009
300 _a61p.
546 _aM. Ed. Dissertation (Delhi University)
942 _cDIS
_h378, PAR/DI
999 _c1391504
_d1391504